Obras Completas (Registro nro. 309830)
[ vista simple ]
| 000 -ENCABEZADO | |
|---|---|
| Número de control [NR] | 00855 a2200205 4500 |
| 005 - FECHA Y HORA DE LA ÚLTIMA TRANSACCIÓN | |
| control field | 20180509120242.0 |
| 008 - DE LONGITUD FIJA DE DATOS DE ELEMENTOS - INFORMACIÓN GENERAL | |
| Elementos de longitud fija [NR] | 180509s1953 sp ||||| |||| 00| 0 spa d |
| 040 ## - FUENTE DE CATALOGACION [NR] | |
| Agencia de catalogación original [NR] | CO-BoUCM |
| Idioma de catalogación [NR] | spa |
| Quien Cataloga | Saul Niño |
| Quien Clasifica | Saul Niño |
| 041 0# - CODIGO DE IDIOMA [R] | |
| Código de idioma para texto/pista de sonido o título separado [R] | Español |
| 100 10 - ASIENTO PRINCIPAL--NOMBRE PERSONAL [NR] | |
| Nombre personal [NR] | Ibarbourou, Juana de |
| Fechas asociadas con el nombre [NR] | 1895-1979 |
| ID Autoridad | 92396 |
| 245 10 - MENCION DE TITULO [NR] | |
| Título [NR] | Obras Completas |
| Mención de responsabilidad, etc. [NR] | Juana de Ibarbourou ; Palabras preliminares de Ventura García Calderón. Compilación, anotaciones y noticia biográfica por Dora Isella Russell |
| 260 ## - PUBLICACION, DISTRIBUCION, ETC. (PIE DE IMPRENTA) [R] | |
| Lugar de publicación, distribución, etc. [R] | Madrid |
| Nombre del editor, distribuidor, etc. [R] | Aguilar |
| Fecha de publicación, distribución, etc. [R] | 1953 |
| 300 ## - DESCRIPCION FISICA [R] | |
| Extensión [R] | lxvii, 1108 páginas |
| Otros detalles físicos [NR] | retratos |
| 650 #7 - ASIENTO SECUNDARIO DE MATERIA - TERMINO TEMATICO [R] | |
| 9 (RLIN) | 18753 |
| Término temático o nombre geográfico como elemento de entrada [NR] | Literatura uruguaya |
| Subdivisión de forma [R] | Colecciones |
| 650 #7 - ASIENTO SECUNDARIO DE MATERIA - TERMINO TEMATICO [R] | |
| 9 (RLIN) | 21861 |
| Término temático o nombre geográfico como elemento de entrada [NR] | Poesía uruguaya |
| Subdivisión de forma [R] | Antologías |
| 700 10 - ASIENTO SECUNDARIO - NOMBRE PERSONAL [R] | |
| Nombre personal [NR] | García Calderón, Ventura |
| Fechas asociadas con el nombre [NR] | 1886-1959 |
| 9 (RLIN) | 92397 |
| 700 10 - ASIENTO SECUNDARIO - NOMBRE PERSONAL [R] | |
| Nombre personal [NR] | ussell, Dora Isella |
| Fechas asociadas con el nombre [NR] | 1925-1990 |
| 9 (RLIN) | 92398 |
| 942 ## - ELEMENTOS DE ENTRADA AGREGADOS (KOHA) | |
| Tipo de ítem principal el descrito en 300a | Libro |
| Sistema de clasificación | DEWEY |
| Tema principal | Literatura |
| Edición | 1 |
| Clasificación | 861.4 |
| Parte restante de la signatura top. | I122o |
| Fecha de último préstamo | Total préstamos | Signatura topográfica | Código de barras | Última vez visto | Ejemplar | Costo de reposición | Price effective from | Tipo de ítem | Perdido | Sistema de clasificación | Dañado | No prestable | Tipo de ítem específico | Suprimido | Ubicación habitual | Ubicación actual | Localización | Fecha de creación | Proveedor | Forma de adquisición | Costo |
|---|---|---|---|---|---|---|---|---|---|---|---|---|---|---|---|---|---|---|---|---|---|
| 24/10/2018 | 1 | U 861.4 I122o | 100157226 | 09/12/2025 | Ej.1 | 26000.00 | 08/05/2018 | Libro | DEWEY | Libro | Claustro | Claustro | 2do piso | 08/05/2018 | 12 | Donación | 0.00 |